|
|
|
|
| LEADER |
01293nam a2200325 a 4500 |
| 001 |
000718818 |
| 003 |
CZ BrMZK |
| 005 |
20090731100528.0 |
| 007 |
ta |
| 008 |
040531s2004 xr ab e p 000 0 cze |
| 015 |
|
|
|a cnb001313468
|
| 020 |
|
|
|a 80-7290-154-0
|q (brož.)
|
| 035 |
|
|
|a (OCoLC)85103657
|
| 040 |
|
|
|a BOA001
|b cze
|
| 072 |
|
7 |
|a 55
|x Vědy o Zemi. Geologické vědy
|2 Konspekt
|9 7
|
| 072 |
|
7 |
|a 37.016
|x Učební osnovy. Vyučovací předměty. Učebnice
|2 Konspekt
|9 22
|
| 080 |
|
|
|a 55
|2 MRF
|
| 080 |
|
|
|a (075.8)
|2 MRF
|
| 100 |
1 |
|
|a Ziegler, Václav,
|d 1944-
|7 xx0003483
|4 aut
|
| 245 |
1 |
0 |
|a Úvod do studia geologie pro studenty pedagogické fakulty /
|c Václav Ziegler
|
| 260 |
|
|
|a Praha :
|b Univerzita Karlova v Praze, Pedagogická fakulta,
|c 2004
|
| 300 |
|
|
|a 235 s. :
|b il., mapy ;
|c 21 cm
|
| 504 |
|
|
|a Obsahuje bibliografii
|
| 500 |
|
|
|a Dostupné též v digitální podobě v aplikaci Kramerius
|
| 650 |
0 |
7 |
|a geologie
|7 ph114622
|2 czenas
|
| 655 |
|
7 |
|a učebnice vysokých škol
|7 fd133772
|2 czenas
|
| 856 |
4 |
1 |
|u http://www.digitalniknihovna.cz/mzk/uuid/uuid:c6770ea0-4b35-11e6-ab2f-005056827e52
|y Digitalizovaný dokument
|x NDK
|
| 910 |
|
|
|a BOA001
|b 2-1135.796
|
| 990 |
|
|
|a BK
|
| 996 |
6 |
|
|b 2610221388
|c 2-1135.796
|l MZK
|r Sklad / do 1 hodiny
|n 0
|p p.v.
|w 000718818
|u 000010
|a 1
|e BOA001
|j MZK50
|s P
|